| 000 | 00335nam a22000977a 4500 | ||
|---|---|---|---|
| 999 |
_c11088 _d11088 |
||
| 008 | 180824b ||||| |||| 00| 0 eng d | ||
| 020 | _a9788178558202 | ||
| 100 |
_aShah N M _96654 |
||
| 245 |
_aStatistics for Economics - XI _bStrictly according to the syllabus perscribed by the CBSE, New Delhi |
||
| 260 |
_aNew Delhi _bArya Publication _c2018 |
||